Chairmen of the Chinese People's Political Consultative Conference - Statistics

General Stats
  • This quiz has been taken 8 times
  • The average score is 5 of 10
Answer Stats
Picture Hint Answer % Correct
1949-1954 Mao Zedong
100%
1978-1983 Deng Xiaoping
75%
1988-1992 Li Xiannian
50%
1954-1976 Zhou Enlai
50%
1983-1988 Deng Yingchao
38%
1993-2003 Li Ruihuan
38%
2023- Wang Huning
38%
2003-2013 Jia Qinglin
25%
2018-2023 Wang Yang
25%
2013-2018 Yu Zhengsheng
25%
No matching quizzes found
Score Distribution
Percent of People with Each Score
Percentile by Number Answered
Your Score History
You have not taken this quiz